| 000 -LEADER |
| fixed length control field |
01522nam a22004697a 4500 |
| 001 - CONTROL NUMBER |
| control field |
11361574 |
| 003 - CONTROL NUMBER IDENTIFIER |
| control field |
LIBRIS |
| 005 - DATE AND TIME OF LATEST TRANSACTION |
| control field |
20210427065150.0 |
| 008 - FIXED-LENGTH DATA ELEMENTS--GENERAL INFORMATION |
| fixed length control field |
090331s1992 xxu 000 0 eng c |
| 020 ## - INTERNATIONAL STANDARD BOOK NUMBER |
| International Standard Book Number |
1881659003 |
| 040 ## - CATALOGING SOURCE |
| Original cataloging agency |
Og |
| Language of cataloging |
eng |
| Transcribing agency |
DLC |
| 041 ## - LANGUAGE CODE |
| Language code of text/sound track or separate title |
eng |
| 080 ## - UNIVERSAL DECIMAL CLASSIFICATION NUMBER |
| Universal Decimal Classification number |
663.2 |
| Item number |
U-43 |
| 082 04 - DEWEY DECIMAL CLASSIFICATION NUMBER |
| Classification number |
641.2 |
| Edition number |
22 (machine generated) |
| 084 ## - OTHER CLASSIFICATION NUMBER |
| Classification number |
Qcaf(x) |
| Number source |
kssb/8 |
| 110 ## - MAIN ENTRY--CORPORATE NAME |
| 9 (RLIN) |
1239 |
| Corporate name or jurisdiction name as entry element |
The Wine Spectator |
| 245 04 - TITLE STATEMENT |
| Title |
The Wine spectator's ultimate guide to buying wine. |
| Number of part/section of a work |
1993 edition |
| 246 13 - VARYING FORM OF TITLE |
| Title proper/short title |
Wine spectator magazine's ultimate guide to buying wine. |
| 246 13 - VARYING FORM OF TITLE |
| Title proper/short title |
Ultimate guide to buying wine. |
| 260 ## - PUBLICATION, DISTRIBUTION, ETC. |
| Place of publication, distribution, etc. |
San Francisco, Calif. |
| Name of publisher, distributor, etc. |
Wine Spectator Press, |
| Date of publication, distribution, etc. |
cop. 1992 |
| 300 ## - PHYSICAL DESCRIPTION |
| Extent |
[var. pag., ca 500 p. |
| Other physical details |
ill. |
| 365 ## - TRADE PRICE |
| Price amount |
16.95 usd |
| 650 #7 - SUBJECT ADDED ENTRY--TOPICAL TERM |
| Topical term or geographic name entry element |
Vin |
| Source of heading or term |
sao |
| Authority record control number or standard number |
162495 |
| 650 #0 - SUBJECT ADDED ENTRY--TOPICAL TERM |
| Topical term or geographic name entry element |
Wine Making |
| 9 (RLIN) |
729 |
| 650 #0 - SUBJECT ADDED ENTRY--TOPICAL TERM |
| Topical term or geographic name entry element |
Wine |
| 650 #0 - SUBJECT ADDED ENTRY--TOPICAL TERM |
| Topical term or geographic name entry element |
Wine and wine making |
| 653 ## - INDEX TERM--UNCONTROLLED |
| Uncontrolled term |
მეღვინეობა |
| 772 00 - SUPPLEMENT PARENT ENTRY |
| Control subfield |
nn |
| Title |
The Wine spectator's ultimate guide to buying wine |
| Place, publisher, and date of publication |
San Francisco, Calif. : Wine Spectator Press, 1992- |
| International Standard Serial Number |
1058-5729 |
| Record control number |
10585729 |
| 942 ## - ADDED ENTRY ELEMENTS (KOHA) |
| Source of classification or shelving scheme |
|
| Koha item type |
Books |